Statistiken für Geboren in Biberach an der Riß

Klicken Sie hier um das Quiz zu spielen!

Allgemein

  • Dieses Quiz wurde 17 mal gespielt
  • Das Durchschnittsergebnis liegt bei 2 aus 7

Antwortstatistiken

HinweisAntwort% Korrekt
Fußballtorwart, Newcastle United (früher Liverpool, Mainz und Besiktas Istanbul)1993Loris Karius
88%
Erfinder und Gründer der Handtmann-Unternehmsgruppe1927Arthur Handtmann
50%
Dichter und Übersetzer zur Zeit der Aufklärung, "Geschichte des Agathon"1733Christoph Martin Wieland
13%
Mehrfacher prämierter Produzent und Entwickler von "Neo Magazin Royale" "How to Sell Drugs Online (Fast)" "King of Stonks"1983Philipp Käßbohrer
6%
Tier- und Landschaftsmaler und Teil des Münchner Kunstverein1836Anton Braith
0%
ehemaliger Schwimmer und Weltmeister über 100 Meter Lagen1990Markus Deißler
0%
ehemaliger Schwimmer und früherer Weltrekordhalter über 50 Meter Schmetterling1987Steffen Deißler
0%

Verteilung der Resultate

Perzentil nach korrekt beantworteten Fragen

Anzahl Personen mit jedem Resultat

Ihre Resultats-Entwicklung

Sie haben dieses Quiz noch nicht gespielt